Statistiques concernant Petit Bac #35 - Communes Belges

Cliquez ici pour prendre le quiz!

Statistiques générales

  • Ce quiz a été pris 106 fois
  • Le résultat moyen est 7 sur 10

Statistiques - réponses

1ère Lettre Ville Belge % Correct
BBruxelles / Bruges
100%
AAnvers / Anderlecht / Alost
98%
LLiège / Louvain / La Louvière
88%
NNamur
85%
CCharleroi / Courtrai
81%
GGand
80%
MMons / Molenbeek-Saint-Jean / Malines
72%
IIxelles
45%
UUccle
30%
SSchaerbeek
26%

Distribution des résultats

Percentile by Number Answered

% des personnes avec chaque résultat

Votre développement - résultats

Vous n’avez pas pris ce quiz